| 000 | 00732nam a2200253Ia 4500 | ||
|---|---|---|---|
| 003 | OSt | ||
| 005 | 20220927103135.0 | ||
| 006 | a|||||r|||| 00| 0 | ||
| 007 | ta | ||
| 008 | 220926b |||||||| |||| 00| 0 eng d | ||
| 024 | _a36754 | ||
| 037 | _cReference Collections | ||
| 040 |
_aRTL _cRTL _beng |
||
| 041 |
_2eng _aeng |
||
| 082 | _a"X:76a, M1/UN" | ||
| 110 |
_aINTERNATIONAL TRADE CENTER. _9353544 |
||
| 245 | 0 | _aSources of comnodity and preduct price information. | |
| 260 |
_aGeneva _bInternational Trade Centre _c1981 |
||
| 300 |
_a147p _ccm. |
||
| 650 |
_aPrice _9353545 |
||
| 700 |
_aINTERNATIONAL TRADE CENTER. _9353546 |
||
| 942 |
_h"X:76a, M1/UN" _cCC |
||
| 999 |
_c680828 _d680828 |
||